1950 1882 1895 1880 1410 1414 1327 1612 1160 1310 1119 1024 1901 1668 1314 1385 1756 1253 1439 1304 1620 1589 1502 1792 1960 1956 1262 1592 1991 1248 1105 1567 1901 1512 1953 1188 1535 1520 1979 1700 1414 1016 1635 1840 1870 1929 1721 1836 1316 1961 1164 1842 1928 1736 1674 1844 1090 1764 1469 1350 1691 1312 1775 1033 1495 1359 1144 1358 1563 1977 1530 1324 1681 1346 1692 1488 1974 1795 1949 1839 1823 1103 1399 1038 1556 1197 1836 1707 1610 1665 1748 1683 1954 1470 1305 1345 1507 1095 1910 BCNSPRNW ULIB Ver.6.0+V

เปลี่ยนเป็นภาษาไทย

Change to English
 แสดงรายละเอียดบรรณานุกรม
  กลับหน้าหลัก

Brief Record : Get Marc (ISO 2709) : E-mail record : QR code < ปิดหน้าต่าง
LEADER : 00000nam 2200000uu 4500
001    13399114606
003     ULIB
008    120423s2551||||th 000 0 tha d
020    ^a9789740662969
050  4 ^aBQ7210^bพ349ท มปป.
100 0  ^aพระราชธรรมนิเทศ (พยอม กัลยาโณ)
245 10 ^aเทศนา..ฮาสนั่น... เล่ม 1 /^cพระพยอม กลฺยาโณ
260    ^aกรุงเทพฯ :^bไออุ่น,^c2551
300    ^a192 หน้า ;^c19 ซม
650  7 ^aธรรมะ^xเรื่องสั้น
700 0  ^aพระพยอม กัลยาโณ
945    ^p120^l0^i15834
995    ^aกัณชพร
999    ^aใช้งานได้ทุกระบบ
รายการนี้ยังไม่มีแท็ก
คุณยังไม่ได้ล็อกอิน คุณสามารถมีกิจกรรมร่วมกับเว็บไซต์ได้ แต่ต้องล็อกอินก่อน ::
  ล็อกอิน

รายการสื่อสารสนเทศ

ลำดับที่ ประเภท เลขเรียก/บาร์โค้ด สถานที่ สถานะ
- ไม่พบข้อมูล -

รายการใกล้เคียง
    ผู้แต่ง [พระราชธรรมนิเทศ (พยอม กัลยาโณ)]

BibComment


ยังไม่เคยถูกคอมเมนท์

คอมเมนท์ทรัพยากรรายการนี้
  คอมเมนท์: เทศนาฮาสนั่น เล่..


 Copyright 2026. Bcnsprnw @Library